A course in Electrical Circuit Analysis / (Record no. 189514)

000 -LEADER
fixed length control field 00770 a2200193 4500
003 - CONTROL NUMBER IDENTIFIER
control field Nust
005 - DATE AND TIME OF LATEST TRANSACTION
control field 20221104114101.0
008 - FIXED-LENGTH DATA ELEMENTS--GENERAL INFORMATION
fixed length control field 180118b xxu||||| |||| 00| 0 eng d
040 ## - CATALOGING SOURCE
Transcribing agency Nust
082 ## - DEWEY DECIMAL CLASSIFICATION NUMBER
Classification number 623.3192
100 ## - MAIN ENTRY--PERSONAL NAME
Personal name M. L. Soni
9 (RLIN) 8956
245 ## - TITLE STATEMENT
Title A course in Electrical Circuit Analysis /
Statement of responsibility, etc. M. L. Soni
250 ## - EDITION STATEMENT
Edition statement 4th Reprint
260 ## - PUBLICATION, DISTRIBUTION, ETC.
Place of publication, distribution, etc. New Delhi
Name of publisher, distributor, etc. Dhanpat Rai Publications
Date of publication, distribution, etc. 2009
300 ## - PHYSICAL DESCRIPTION
Extent various paging
505 ## - FORMATTED CONTENTS NOTE
Formatted contents note General (Page-1), Elementary Network Theory (Page-3), Sinusoidal State Analysis (Page-8), Complex Frequency and Systems Stability (Page-15), Two-Port Networks (Page-20), distributed Parameter Networks (Page-23), No-Linear Networks (Page-26).
650 ## - SUBJECT ADDED ENTRY--TOPICAL TERM
Topical term or geographic name entry element A course in Electrical Circuit Analysis
9 (RLIN) 8957
942 ## - ADDED ENTRY ELEMENTS (KOHA)
Source of classification or shelving scheme
Koha item type Book
-- Book
Holdings
Withdrawn status Lost status Source of classification or shelving scheme Damaged status Not for loan Collection code Permanent Location Current Location Date acquired Total Checkouts Full call number Barcode Date last seen Price effective from Koha item type
            Military College of Signals (MCS) Military College of Signals (MCS) 12/12/2016   623.3192 SON MCS35201 12/08/2016 12/12/2016 Book
© 2023 Central Library, National University of Sciences and Technology. All Rights Reserved.